000 00628cam a2200217 4500500
005 20260405003411.0
041 _afre
042 _adc
100 1 0 _aLacroix, Alexandre
_eauthor
245 0 0 _aJusqu’où aller trop loin ?
260 _c2021.
500 _a28
690 _aAlexandre Lacroix
690 _aLiberté
690 _aLimites
690 _aMasque
690 _aNégociation
690 _aVaccinations
786 0 _nPhilosophie magazine | 154 | 11 | 2021-11-01 | p. 25-25 | 1951-1787
856 4 1 _uhttps://shs.cairn.info/magazine-philosophie-magazine-2021-11-page-25?lang=fr&redirect-ssocas=7080
999 _c2067172
_d2067172